02543nam a2200337 a 4500001001000000003000900010005001700019007000300036008004100039020001800080040002500098082002500123245008300148250001200231260006300243300002100306505121600327590002601543650004901569650002601618650003501644700003401679700003601713700002401749910000701773942001401780952012801794952013301922952013302055999001702188000005678DO-SdBNP20260123084624.0ta090821s2021 dr 000 0 spa d a9789945425628 aDO-SdBNPbspacBNPHU a346.046bC758p, 202100aConstitucionalización del proceso civil /cHermógenes Acosta ... [et al.]. a2da.ed. aSanto Domingo :bEscuela Nacional de la Judicatura,c2021. a615 p. ;c24 cm.2 aProceso civil y Constitución 8 -- Constitución y proceso civil en el derecho español 54 -- Los principios constitucionales referentes al objeto del proceso, su dirección y desarrollo formal 66 -- Los principios constitucionales rectores del proceso civil I 96 -- El control judicial de adecuación constitucional en la jurisdicción civil. La cuestión de inconstitucionalidad 138 -- El control judicial de adecuación constitucional en la jurisdicción civil y la cuestión de inconstitucionalidad en derecho español 238 -- Los principios constitucionales de contradicción, audiencia y defensa en el proceso civil 258 -- Los principios constitucionales rectores del proceso civil II 282 -- El derecho a la prueba 328 -- Los principios constitucionales relativos a la prueba. La valoración y administración de la prueba. La iniciativa probatoria del juez 362 -- El derecho a recurrir como un derecho constitucional 394 -- El derecho a los recursos como derecho constitucionalmente reconocido 425 -- El Derecho procesal civil internacional 456 -- La aplicación del juez nacional del Derecho comunitario. La cuestión prejudicial 520 -- La conciliación en el proceso civil español 550 aInventariado, 2018/LP 4aProceso civil916042zRepública dominicana 0aDerecho procesal9555 0aDerecho constitucional 9103141 aMachado Plazas, José9160431 aRamírez Suzana, Manuel9160441 aPicó, Joan916045 aDG 2ddccLBS1 00102ddc51708PDaBNPHUbBNPHUcCTd2022-10-03l0oBNPHU PD 346.046 C758p, 2021p2022-4140r2022-10-03w2022-10-03yLBS1 00102ddc51708PDaBNPHUbBNPHUcCTd2022-10-03l0oBNPHU PD 346.046 C758p, 2021p2022-4141r2022-10-03te.2w2022-10-03yLBS1 00102ddc56708DSaBNPHUbBNPHUcCTd2022-10-03l0oBNPHU DS 346.046 C758p, 2021p2022-4142r2022-10-03te.3w2022-10-03yLBS1 c52506d52506